Diagnostirovanije logičeskich schem. Algoritmy modelirovanija i avtomatičeskogo sinteza testa /
Saved in:
| Main Author: | |
|---|---|
| Format: | Book |
| Language: | Russian |
| Published: |
Moskva :
Nauka,
1989
|
| Tags: |
No Tags, Be the first to tag this record!
|
MARC
| LEADER | 00000nam a22000003a 4500 | ||
|---|---|---|---|
| 001 | stu499 | ||
| 005 | 20150617225620.4 | ||
| 008 | 910530s1989----xxr-----------------rus-d | ||
| 040 | |a STU |b slo | ||
| 041 | 0 | |a rus | |
| 044 | |a xxr | ||
| 080 | |a 681.325.6.001.63 | ||
| 080 | |a 519.6 | ||
| 080 | |a 519.718 |7 stu_us_auth*stu9873 | ||
| 080 | |a 681.518.01 | ||
| 100 | 1 | |a Ioffe, Michail Izrailevič |4 aut | |
| 245 | 1 | |a Diagnostirovanije logičeskich schem. Algoritmy modelirovanija i avtomatičeskogo sinteza testa / |c [aut.] Ioffe,Michail Izrailevič | |
| 260 | |a Moskva : |b Nauka, |c 1989 | ||
| 300 | |a 157 s | ||
| 996 | |b I4156 |c I*4156 |l II680 |s A |a 24 |w stu499_0001 | ||